|
|
|
|
| LEADER |
00000naa2a2200000 4500 |
| 001 |
184585 |
| 005 |
20231031172436.0 |
| 035 |
|
|
|a (RuTPU)RU\TPU\book\200176
|
| 090 |
|
|
|a 184585
|
| 100 |
|
|
|a 20100914d2004 k y0rusy50 ca
|
| 101 |
0 |
|
|a rus
|
| 102 |
|
|
|a RU
|
| 200 |
1 |
|
|a Использование генетического алгоритма для настройки весов и структуры искусственной сети
|
| 320 |
|
|
|a Библиогр.: 5 назв.
|
| 463 |
|
0 |
|0 (RuTPU)RU\TPU\book\75409
|t Молодежь и современные информационные технологии
|o Сборник трудов II-ой Всероссийской научно-практической конференции студентов, г. Томск, 25-26 февраля 2004 г.
|f Томский политехнический университет; Институт "Кибернетический центр"; Под ред. В. И. Гончарова
|v С. 221-223
|d 2004
|p 282 с.
|
| 610 |
1 |
|
|a искусственные нейронные сети
|
| 610 |
1 |
|
|a генетические алгоритмы
|
| 610 |
1 |
|
|a труды учёных ТПУ
|
| 700 |
|
1 |
|a Цой
|b Ю. Р.
|c российский ученый, специалист в области искусственного интеллекта
|c доцент Томского политехнического университета, кандидат технических наук
|f 1981-
|g Юрий Робертович
|2 stltpush
|3 (RuTPU)RU\TPU\pers\25741
|
| 801 |
|
1 |
|a RU
|b 63413507
|c 20100914
|
| 942 |
|
|
|c BK
|